A. WESLEY POWELL LEARNING RESOURCE CENTRE (WPLRC)

Wonderful Place to Learn, Research & Collaborate

The amazing adventures of Kavalier & Clay : (Record no. 5680)

MARC details
000 -LEADER
fixed length control field 00799nam a2200265 a 4500
001 - ACCESSION NUMBER
control field ocm10717103
003 - CONTROL NUMBER IDENTIFIER
control field OSt
005 - DATE AND TIME OF LATEST TRANSACTION
control field 20160317102444.0
008 - FIXED-LENGTH DATA ELEMENTS--GENERAL INFORMATION
fixed length control field 020110s2000 e eng
020 ## - INTERNATIONAL STANDARD BOOK NUMBER
International Standard Book Number 9780312282998
020 ## - INTERNATIONAL STANDARD BOOK NUMBER
International Standard Book Number 0679450041
040 ## - CATALOGING SOURCE
Original cataloging agency DLC
Language of cataloging eng
Transcribing agency CaOL
082 ## - DEWEY DECIMAL CLASSIFICATION NUMBER
Classification number F/CHA (46150)
100 1# - MAIN ENTRY--PERSONAL NAME
Personal name Chabon, Michael.
245 14 - TITLE STATEMENT
Title The amazing adventures of Kavalier & Clay :
Remainder of title a novel /
Statement of responsibility, etc. Michael Chabon.
260 ## - PUBLICATION, DISTRIBUTION, ETC. (IMPRINT)
Place of publication, distribution, etc. New York :
Name of publisher, distributor, etc. Random House,
Date of publication, distribution, etc. c2000.
586 ## - AWARDS NOTE
Awards note Winner of the Pulitzer prize.
650 #0 - SUBJECT ADDED ENTRY--TOPICAL TERM
Topical term or geographic name as entry element Comic books, strips, etc.
General subdivision Authorship
Form subdivision Fiction.
650 #0 - SUBJECT ADDED ENTRY--TOPICAL TERM
Topical term or geographic name as entry element Heroes in mass media
Form subdivision Fiction.
650 #0 - SUBJECT ADDED ENTRY--TOPICAL TERM
Topical term or geographic name as entry element Czech Americans
Form subdivision Fiction.
650 #0 - SUBJECT ADDED ENTRY--TOPICAL TERM
Topical term or geographic name as entry element Young men
Form subdivision Fiction.
650 #0 - SUBJECT ADDED ENTRY--TOPICAL TERM
Topical term or geographic name as entry element Artists
Form subdivision Fiction.
651 #0 - SUBJECT ADDED ENTRY--GEOGRAPHIC NAME
Geographic name New York (N.Y.)
Form subdivision Fiction.
942 ## - ADDED ENTRY ELEMENTS (KOHA)
Source of classification or shelving scheme Dewey Decimal Classification
Koha item type Books
Holdings
Withdrawn status Lost status Source of classification or shelving scheme Damaged status Not for loan Home library Current library Date acquired Total Checkouts Full call number Barcode Date last seen Price effective from Koha item type
    Dewey Decimal Classification     Wesley Powell Learning Resource Centre Wesley Powell Learning Resource Centre 03/17/2016   F/CHA 46150 03/17/2016 03/17/2016 Books